01958nam a2200289 a 4500001001300000003000900013005001700022008004100039020002900080040003200109041001300141082003300154100004800187240006700235245010900302260006300411300002000474500006800494504003900562520055400601655008101155655013101236655008801367942001201455999001901467952018201486000000362518IT-MiSPE20200910164853.0080722s2008 vc 000 0 ita d a9788820980542c16.50 EUR aIT-MiSPEbitadipcIT-MiSPE aitaheng a227.07-WIT ro se (axa 23289)1 aWitherup, Ronald D.,cp.s.s.,d1950-95847710aSaint Paul called to conversion a seven-day retreat.lItaliano10aSette giorni in cammino con san Paolo :besercizi spirituali sulla via di Damasco /cRonald D. Witherup. aCittà del Vaticano :bLibreria Editrice Vaticana,c2008. a139 p. ;c21 cm aTit. orig.: Saint Paul called to conversion a seven-day retreat aContiene riferimenti bibliografici aSan Paolo è la personalità più rilevante del Nuovo Testamento, a parte lo stesso Gesù. Tredici dei ventisette libri del Nuovo Testamento portano il suo nome. Ma, attorno al 35 d.C., egli ebbe una straordinaria esperienza sulla strada per Damasco." (dall'introduzione)San Paolo è la personalità più rilevante del Nuovo Testamento, a parte lo stesso Gesù. Tredici dei ventisette libri del Nuovo Testamento portano il suo nome. Ma, attorno al 35 d.C., egli ebbe una straordinaria esperienza sulla strada per Damasco (dall'introduzione). 7aSacra Scrittura. Studi sul Nuovo TestamentoxPaolo: biografia.2local957519 7aSpiritualità. Vita spirituale. Ostacoli. Virtù. MezzixEsercizi spirituali non ignaziani - Ritiri (italiano)2local957015 7aSacra Scrittura. Studi sul Nuovo TestamentoxPaolo: studi e teologia.2local956750 2ddccBK c358886d358886 00102ddc406227_000000000000000_07WIT_RO_SE_AXA_2328971aCINISELLObCINISELLOd2020-09-10l0o227.07-WIT ro se (axa 23289)p9788820980542r2020-09-10 00:00:00w2020-09-10yBK